| 000 | 00714cam a22002297a 4500 | ||
|---|---|---|---|
| 001 | 15157762 | ||
| 005 | 20250118130043.0 | ||
| 008 | 080128s2009 stka b 001 0 eng | ||
| 020 | _a9780323053464 | ||
| 020 | _a0323053467 | ||
| 050 | 0 | 0 |
_aR733 _b.F784 2009 |
| 082 | 0 | 4 |
_a615.5 _222 |
| 100 | 1 | _aFreeman, Lynda W. | |
| 245 | 1 | 0 |
_aMosby's complementary & alternative medicine : _ba research-based approach / _cLyn W. Freeman. |
| 250 | _a3rd ed. | ||
| 260 |
_aEdinburgh : _bMosby Elsevier, _cc2009. |
||
| 300 |
_axxiii, 608 p. : _bill. ; _c28 cm. |
||
| 500 | _aPrevious ed.: 2004. | ||
| 650 | 0 | _aAlternative medicine. | |
| 650 | 0 |
_aAlternative medicine _vProblems, exercises, etc. |
|
| 942 |
_2lcc _cBK _e3rd ed. _n0 |
||
| 999 |
_c2663 _d2663 |
||